The collection of fry from pangasius dia in srok leuk dek of kan dal province, ការប្រមូលកូនត្រីម្សៅពីដាយកូនត្រីប្រាក្នុងស្រុកលើកដែកខេត្តកណ្ដាល (Record no. 3693)
[ view plain ]
| 000 -LEADER | |
|---|---|
| fixed length control field | 00624nam a22001577a 4500 |
| 003 - CONTROL NUMBER IDENTIFIER | |
| control field | OSt |
| 005 - DATE AND TIME OF LATEST TRANSACTION | |
| control field | 20151120163246.0 |
| 008 - FIXED-LENGTH DATA ELEMENTS--GENERAL INFORMATION | |
| fixed length control field | 151120b xxu||||| |||| 00| 0 eng d |
| 040 ## - CATALOGING SOURCE | |
| Transcribing agency | RUA |
| 082 ## - DEWEY DECIMAL CLASSIFICATION NUMBER | |
| Classification number | FIS YIN 1996 B164 Or.1 |
| 100 ## - MAIN ENTRY--PERSONAL NAME | |
| 9 (RLIN) | 3972 |
| Personal name | YIN, DARA. |
| 245 ## - TITLE STATEMENT | |
| Title | The collection of fry from pangasius dia in srok leuk dek of kan dal province, ការប្រមូលកូនត្រីម្សៅពីដាយកូនត្រីប្រាក្នុងស្រុកលើកដែកខេត្តកណ្ដាល |
| 260 ## - PUBLICATION, DISTRIBUTION, ETC. (IMPRINT) | |
| Place of publication, distribution, etc. | Phnom Penh |
| Name of publisher, distributor, etc. | RUA |
| Date of publication, distribution, etc. | RUA |
| 300 ## - PHYSICAL DESCRIPTION | |
| Extent | 51p. |
| Other physical details | ill. |
| Dimensions | 29cm. |
| 942 ## - ADDED ENTRY ELEMENTS (KOHA) | |
| Source of classification or shelving scheme | |
| Koha item type | FIS |
| Price effective from | Date last seen | Permanent Location | Not for loan | Date acquired | Source of classification or shelving scheme | Koha item type | Barcode | Lost status | Damaged status | Shelving location | Withdrawn status | Current Location | Full call number |
|---|---|---|---|---|---|---|---|---|---|---|---|---|---|
| 2015-11-20 | 2015-11-20 | Library Block B | 2015-11-20 | FIS | RUA010202 | B164 | Library Block B | FIS YIN 1996 B164 Or.1 | |||||
| 2015-11-20 | 2015-11-20 | Library Block B | 2015-11-20 | FIS | RUA011885 | B164 | Library Block B | FIS YIN 1996 B164 Or.2 | |||||
| 2015-11-20 | 2015-11-20 | Library Block B | 2015-11-20 | FIS | RUA011958 | B164 | Library Block B | FIS YIN 1996 B164 Or.3 | |||||
| 2015-11-20 | 2015-11-20 | Library Block B | 2015-11-20 | FIS | RUA011523 | B164 | Library Block B | FIS YIN 1996 B164 Or.4 | |||||
| 2015-11-20 | 2015-11-20 | Library Block B | 2015-11-20 | FIS | RUA010490 | B164 | Library Block B | FIS YIN 1996 B164 Or.5 | |||||
| 2015-11-20 | 2015-11-20 | Library Block B | 2015-11-20 | FIS | RUA011378 | B164 | Library Block B | FIS YIN 1996 B164 Or.6 | |||||
| 2015-11-20 | 2015-11-20 | Library Block B | 2015-11-20 | FIS | RUA011106 | B164 | Library Block B | FIS YIN 1996 B164 Or.7 | |||||
| 2015-11-20 | 2015-11-20 | Library Block B | 2015-11-20 | FIS | RUA011694 | B164 | Library Block B | FIS YIN 1996 B164 Or.8 | |||||
| 2015-11-20 | 2015-11-20 | Library Block B | 2015-11-20 | FIS | RUA025574 | B164 | Library Block B | FIS YIN 1996 B164 Or.9 | |||||
| 2015-11-20 | 2015-11-20 | Library Block B | 2015-11-20 | FIS | RUA011595 | B164 | Library Block B | FIS YIN 1996 B164 Or.10 |